Music Quiz

Random Music or Classical Quiz

Instruments by Silhouette Quiz Stats

 Plays Quiz Updated Jul 6, 2015

Score 0/16 Timer 04:00
4 Plays Today
Instrument % Correct
Guitar
99.1%
Piano
99.1%
Violin
98.1%
Trumpet
97.2%
Harp
97.1%
Drum Set
97%
Triangle
95%
Banjo
94%
Instrument % Correct
Trombone
94%
Saxophone
93.8%
French Horn
92.6%
Xylophone
90.3%
Clarinet
89.2%
Maracas
80%
Bassoon
66.9%
Sousaphone
40.9%

You're not logged in!

Compare scores with friends on all Sporcle quizzes.
OR
Log In

Show Comments

Extras

Top Quizzes Today


Score Distribution

Your Account Isn't Verified!

In order to create a playlist on Sporcle, you need to verify the email address you used during registration. Go to your Sporcle Settings to finish the process.

Report this User

Report this user for behavior that violates our Community Guidelines.

Details: